|
|
|
|
| LEADER |
00000nam0a2200000 4500 |
| 001 |
327648 |
| 005 |
20231102004000.0 |
| 035 |
|
|
|a (RuTPU)RU\TPU\book\353333
|
| 090 |
|
|
|a 327648
|
| 100 |
|
|
|a 20170202d1977 k y0rusy50 ca
|
| 101 |
0 |
|
|a rus
|
| 102 |
|
|
|a RU
|
| 105 |
|
|
|a a z 001zy
|
| 200 |
1 |
|
|a Перспективные методы исследования хрупкого разрушения металлов
|e [монография]
|f В. П. Гуляев, П. Ф. Кошелев, А. В. Лыглаев
|g Академия наук СССР (АН СССР), Сибирское отделение (СО), Якутский филиал (ЯФ) ; под ред. А. Г. Козлова
|
| 210 |
|
|
|a Новосибирск
|c Наука
|d 1977
|
| 215 |
|
|
|a 126 с.
|c ил.
|
| 320 |
|
|
|a Библиогр.: с. 114-125
|
| 606 |
1 |
|
|a Металлы
|x Разрушение
|x Кинетика
|x Механизм
|2 stltpush
|3 (RuTPU)RU\TPU\subj\43139
|9 62697
|
| 610 |
1 |
|
|a хрупкое разрушение
|
| 610 |
1 |
|
|a методы исследования
|
| 610 |
1 |
|
|a реальные конструкции
|
| 610 |
1 |
|
|a механика
|
| 610 |
1 |
|
|a экспериментальные методы
|
| 610 |
1 |
|
|a рентгеновские методы
|
| 610 |
1 |
|
|a деформирование
|
| 610 |
1 |
|
|a регистрация
|
| 610 |
1 |
|
|a надрезы
|
| 610 |
1 |
|
|a несущая способность
|
| 610 |
1 |
|
|a низкие температуры
|
| 610 |
1 |
|
|a количественные оценки
|
| 610 |
1 |
|
|a монографии
|
| 675 |
|
|
|a 669:539.4.01
|v 4
|
| 700 |
|
1 |
|a Гуляев
|b В. П.
|g Владимир Петрович
|
| 701 |
|
1 |
|a Кошелев
|b П. Ф.
|g Павел Филиппович
|
| 701 |
|
1 |
|a Лыглаев
|b А. В.
|g Александр Васильевич
|
| 702 |
|
1 |
|a Козлов
|b А. Г.
|g Анатолий Гаврилович
|4 340
|
| 712 |
0 |
2 |
|a Академия наук СССР (АН СССР)
|b Сибирское отделение (СО)
|b Якутский филиал (ЯФ)
|c (Якутск)
|c (1957-1988)
|2 stltpush
|3 (RuTPU)RU\TPU\col\6086
|
| 801 |
|
1 |
|a RU
|b 63413507
|c 20170202
|
| 801 |
|
2 |
|a RU
|b 63413507
|c 20170322
|g RCR
|
| 942 |
|
|
|c BK
|